Rechtswirkungsdenken in der Privatrechtsgeschichte: Theorie und Geschichte der Denkformen des Entstehens und Erlöschens von subjektiven Rechten und andern Rechtsgebilden
Saved in:
| Hovedforfatter: | |
|---|---|
| Format: | Bog |
| Sprog: | tysk |
| Udgivet: |
Berna
Stämplfli
1981
|
| Fag: | |
| Tags: |
Tilføj Tag
Ingen Tags, Vær først til at tagge denne postø!
|
MARC
| LEADER | 00000nam a2200000 a 4500 | ||
|---|---|---|---|
| 001 | UCM2523 | ||
| 003 | CL-VaPUC | ||
| 008 | 020607e19810000SZ |||||||||||||||||ger|d | ||
| 082 | 0 | 4 | |a 346.001 |b GMU |2 21 |
| 100 | 0 | |a Gmür, Rudolf |e author |9 469320 | |
| 245 | 1 | 0 | |a Rechtswirkungsdenken in der Privatrechtsgeschichte: Theorie und Geschichte der Denkformen des Entstehens und Erlöschens von subjektiven Rechten und andern Rechtsgebilden |
| 300 | |a 383 p | ||
| 942 | |c BK | ||
| 945 | |d 20020607 00:00:00 |a cmena | ||
| 260 | |a Berna |b Stämplfli |c 1981 | ||
| 650 | 0 | |a Derecho privado |9 258243 | |
| 650 | 0 | |a Filosofía del derecho |9 255050 | |
| 650 | 0 | |a Teoría del derecho |9 255982 | |
| 650 | 0 | |a Derecho civil |9 255013 | |
| 650 | 0 | |a Historia del derecho |9 255109 | |
| 583 | |a last modification |c 20121002 09:18:25 |k Rodrigo Vera | ||
| 999 | |c 300360 |d 300358 | ||
| 952 | |0 0 |1 0 |4 0 |6 346_001000000000000_GMU_1981 |7 0 |8 A |9 358030 |a BIBDER |b BIBDER |d 2019-11-21 |i 381596K |l 1 |o 346.001 GMU 1981 |p 381596K |r 2023-01-25 |s 2020-03-12 |w 2019-11-21 |y BK |k DER | ||